Pays avec le plus d'espèces de serpents venimeux - Statistiques

Statistiques générales
  • Ce quiz a été pris 56 fois
  • Le résultat moyen est 5 sur 7
Statistiques - réponses
Hint Réponse % Correct
100 Australie
100%
75 Brésil
89%
60 Inde
81%
55 Colombie
70%
80 Mexique
67%
50 Indonésie
63%
45 Afrique du Sud
50%
Aucun quiz correspondant
Distribution des résultats
% des personnes avec chaque résultat
Percentile par nombre de réponses
Votre historique - résultats
Vous n’avez pas pris ce quiz